Distractible Podcast Quiz - Statistics

General Stats
  • This quiz has been taken 32 times
  • The average score is 14 of 20
Answer Stats
Hint Answer % Correct
The one with a fridge Bob
100%
The one who f8cks dreams and nightmares Wade
100%
The one who owns many ovens Mark
96%
What do Bob and Mark do to their beds Bunk them
89%
How does Mark break his ass in college? Parkour
89%
One of us speaks in _______ the other speaks in ______ Riddles, Rhymes
89%
What ship does Mark love Ship of Theseus
89%
What does Mark obsess over Lenses
86%
What are the boys becoming (mentioned regularly) Older
86%
What does Wade get called constantly Bald
82%
Look at my ___! Ass
79%
What kind of tumor is talked about in an early episode Teratoma
79%
Narrator (intro guy) name Baldermort
75%
My p3nis is _ ______ around! 8 inches
71%
What do Mark and Bob (ironically) do in the episode titled: Don't Laugh Not Laugh
61%
What graffiti man do they love Penis Man
57%
What do they do in that episode which makes Wade mad Approach the Bench
43%
What spooky opening features a warning to never turn around Morbid Mysteries of the Missing Millenium
36%
Bob stumbles upon a review of a book titled: Harry the Happy Mouse Activity Book
21%
Creation Date May 17, 2021
11%
No matching quizzes found
Score Distribution
Percent of People with Each Score
Percentile by Number Answered
Your Score History
You have not taken this quiz